LuluDad Quiz - Statistics

General Stats
  • This quiz has been taken 15 times
    13 since last reset
  • The average score is 4 of 10
Answer Stats
Question Answer % Correct
What is LuluDad’s main gaming mouse? (Excluding the Bloody A60) Glorious Model O
88%
Which one of these channels is LuluDad a member of? RelatedNoobs
88%
What montage was posted first? Smile - 400 Subs
50%
Who is Head Mod in LuluDad’s Discord Server? CoppericeMC
38%
Who is the most OG? Fununbeatable85
38%
What is LuluDad’s most viewed video? How to Icey bridge in Minecraft!
38%
What is LuluDad’s Favorite Song? Rich & Blind
38%
What is LuluDad’s fastest EggWars Speedrun? 1:01
25%
What LeaderBoard(s) has LuluDad been on? Bridges/Duels
25%
What is LuluDad’s fastest SkyWars Speedrun? 39 Sec
13%
No matching quizzes found
Score Distribution
Percent of People with Each Score
Percentile by Number Answered
Your Score History
You have not taken this quiz since the last reset